| 000 | 00428cam a2200157ua 4500 | ||
|---|---|---|---|
| 003 | OSt | ||
| 008 | 210806b ||||| |||| 00| 0 eng d | ||
| 020 | _a9788120409689 | ||
| 082 |
_a631.56 _bCHA/PO |
||
| 100 |
_aChakraverty, Amalendu _94920 |
||
| 245 | _aPost harvest technology of cereals pulses and oilseeds / | ||
| 250 | _a3 | ||
| 260 |
_aNew Delhi : _bCBS Publishers and Distributors _c2018 |
||
| 300 | _a349 | ||
| 942 | _cBK | ||
| 999 |
_c17384 _d17384 |
||